000 00779nam a2200313 a 4500
003 AR-BaBNM
005 20251128205345.0
008 082120s2002 ||||||||||||||000 | spa||
020 _a84-7522-134-3
040 _cAR-BaBNM
100 1 _aKeats, John
245 0 0 _aSonetos, odas y otros poemas
250 _a2ª ed.
260 _aMadrid
_bVisor
_c1995
300 _a103 p.
490 0 _aVisor de poesía
_vv. 134
650 4 _aLITERATURA INGLESA
650 4 _aANTOLOGIAS
650 4 _aESCRITORES
650 4 _aCLASICISMO
650 4 _aPOESIA
653 _aSONETO
653 _aINFLUENCIA CLASICA
655 _aLITERATURA
700 1 _aArnold, Matthew
_eprologuista
700 1 _aTriana, José María Martín
_eprologuista
942 _cBK
998 _cMARTIN
999 _c11076
_d11076